[Event "Deutsche Ländermeisterschaft 2014"]
[Site "Hannover GER"]
[Date "2014.10.03"]
[Round "1"]
[White "Schmekel, Florian"]
[Black "Schmidt, Tobias"]
[Result "1/2-1/2"]
[Termination "normal"]
[Board "8.4"]
[WhiteElo "1792"]
[BlackElo "2050"]
[WhiteTeam "Mecklenburg-Vorpommern"]
[BlackTeam "Württemberg"]
[PlyCount "191"]
[WhiteFideId "12913456"]
[BlackFideId "1271683"]
[EventCountry "GER"]
[EventRounds "7"]
[EventType "team-swiss"]
[EventDate "2014.10.02"]

1. d4 d5 2. c4 dxc4 3. e3 Nf6 4. Bxc4 e6 5. Nc3 a6 6. Bb3 c5 7. Nf3 Be7 8. O-O
b5 9. Ne2 Bb7 10. Ng3 Nbd7 11. Re1 Qb6 12. e4 cxd4 13. Nxd4 Bc5 14. Be3 O-O 15.
Nf3 Rfd8 16. Qb1 Ng4 17. Bxc5 Nxc5 18. Qc2 Rac8 19. Qe2 Nd3 20. Rf1 Nf4 21. Qe1
a5 22. h3 Nf6 23. Rd1 a4 24. Rxd8+ Qxd8 25. Bd1 Qd3 26. b3 axb3 27. Bxb3 Nxh3+
28. Kh2 Nf4 29. Qb4 Qd7 30. Rd1 Qe8 31. Ne5 Ng6 32. Nxg6 hxg6 33. Qd4 Qc6 34.
f3 Re8 35. Rd2 Qc7 36. e5 Nd5 37. Rc2 Qe7 38. Kg1 Qg5 39. Ne4 Qe3+ 40. Qxe3
Nxe3 41. Nd6 Nxc2 42. Nxe8 Nb4 43. f4 Kf8 44. Nd6 Bc6 45. Kf2 Ke7 46. g3 g5 47.
Ke3 gxf4+ 48. gxf4 f6 49. Kd4 fxe5+ 50. fxe5 Bd7 51. a3 Nc6+ 52. Ke4 b4 53.
axb4 Nxb4 54. Bc4 Bc6+ 55. Kf4 Bd7 56. Ne4 Nc6 57. Ng5 Nd4 58. Ke4 Nf5 59. Kf4
Nd4 60. Ke4 Nc6 61. Kf4 Na5 62. Ba2 Nb7 63. Bb3 Nc5 64. Bc4 Bc6 65. Ke3 Bd7 66.
Kd4 Nb7 67. Ke3 Na5 68. Ba2 Nc6 69. Kf4 Nd8 70. Bc4 Be8 71. Bb3 Bg6 72. Bd1 Bb1
73. Bf3 Ba2 74. Be4 Kd7 75. Bf3 Kc7 76. Ne4 Nf7 77. Bg4 Kc6 78. Bh3 Bc4 79. Bg2
Bd5 80. Bf1 Kd7 81. Bb5+ Ke7 82. Nc5 Bg2 83. Bc4 Bh3 84. Ne4 Bf5 85. Ng5 Nh8
86. Ke3 Ng6 87. Kd4 Nf4 88. Ke3 Ng6 89. Kd4 Nf8 90. Ke3 Nd7 91. Kd4 Nb8 92. Bb5
g6 93. Ke3 Kf8 94. Kf4 Ke7 95. Nf3 Bb1 96. Kg5 1/2-1/2

[Event "Deutsche Ländermeisterschaft 2014"]
[Site "Hannover GER"]
[Date "2014.10.03"]
[Round "1"]
[White "Zeller, Elisa"]
[Black "Schamber, Dennis"]
[Result "1-0"]
[Termination "normal"]
[Board "8.5"]
[WhiteElo "1922"]
[BlackElo "1552"]
[WhiteTeam "Württemberg"]
[BlackTeam "Mecklenburg-Vorpommern"]
[PlyCount "117"]
[WhiteFideId "24662410"]
[BlackFideId "12952176"]
[EventCountry "GER"]
[EventRounds "7"]
[EventType "team-swiss"]
[EventDate "2014.10.02"]

1. e4 c5 2. Nf3 d6 3. d4 cxd4 4. Nxd4 Nf6 5. Nc3 a6 6. Be2 e6 7. O-O Be7 8. Be3
O-O 9. Qd2 Nc6 10. f4 Nxd4 11. Bxd4 b5 12. Bf3 e5 13. Be3 Bb7 14. a3 Rc8 15.
Rfd1 Qc7 16. Rac1 Rfd8 17. Qf2 Qc4 18. Nd5 Nxd5 19. exd5 exf4 20. Bb6 Re8 21.
Bg4 Rb8 22. b3 Qc3 23. Bd4 Qa5 24. Qxf4 h6 25. Qg3 Bg5 26. Rb1 Re4 27. h4 Bf4
28. Qf3 Bxd5 29. Qf1 Rxd4 30. Rxd4 Be3+ 31. Kh1 Bxd4 32. Rd1 Qc3 33. Qd3 Bxg2+
34. Kxg2 Qxd3 35. Rxd3 Be5 36. Bf3 Rc8 37. Rd2 Rc7 38. Be4 Kf8 39. Bd3 Bc3 40.
Re2 Rc5 41. Re4 a5 42. Rf4 b4 43. a4 Rh5 44. Bg6 Rxh4 45. Rxh4 fxg6 46. Rc4 Ke7
47. Rc7+ Ke6 48. Ra7 g5 49. Rxa5 g6 50. Rb5 g4 51. a5 h5 52. a6 Bd4 53. Rxb4
Bc5 54. Rb5 Be3 55. Rb7 h4 56. a7 h3+ 57. Kg3 Bf4+ 58. Kxf4 h2 59. Rh7 1-0

[Event "Deutsche Ländermeisterschaft 2014"]
[Site "Hannover GER"]
[Date "2014.10.03"]
[Round "1"]
[White "Wurst, Benedikt"]
[Black "Weber, Sandra"]
[Result "0-1"]
[Termination "normal"]
[Board "8.6"]
[WhiteElo "1437"]
[BlackElo "1800"]
[WhiteTeam "Mecklenburg-Vorpommern"]
[BlackTeam "Württemberg"]
[PlyCount "94"]
[WhiteFideId "12991791"]
[BlackFideId "1270049"]
[EventCountry "GER"]
[EventRounds "7"]
[EventType "team-swiss"]
[EventDate "2014.10.02"]

1. e4 c5 2. Nf3 Nc6 3. d4 cxd4 4. Nxd4 g6 5. Nc3 Bg7 6. Be3 Nf6 7. Be2 Qa5 8.
O-O O-O 9. a3 d6 10. f3 Bd7 11. Nb3 Qd8 12. Qd2 Rb8 13. Rad1 a6 14. Kh1 b5 15.
Rfe1 Ne5 16. Nd4 Qc7 17. b3 Rfc8 18. Nb1 Be6 19. Nxe6 fxe6 20. Rc1 Qc6 21. Bd3
Rc7 22. h3 Rbc8 23. Kh2 Qb7 24. Red1 Nfd7 25. b4 Nc4 26. Bxc4 Rxc4 27. c3 Qc7
28. Rc2 Bxc3 29. Rxc3 Rxc3 30. Nxc3 Qxc3 31. Rc1 Qxc1 32. Qxc1 Rxc1 33. Bxc1
Ne5 34. Bb2 Nc4 35. Bc1 Kf7 36. Kg3 Kf6 37. Kf4 e5+ 38. Kg4 e6 39. h4 d5 40.
Kg3 Nd6 41. exd5 exd5 42. Kf2 Nc4 43. Ke2 e4 44. fxe4 dxe4 45. g3 Kf5 46. Kf2
Kg4 47. Bf4 Nxa3 0-1

[Event "Deutsche Ländermeisterschaft 2014"]
[Site "Hannover GER"]
[Date "2014.10.03"]
[Round "1"]
[White "Schallner, Marc"]
[Black "Jörs, Pia-Milena"]
[Result "0-1"]
[Termination "normal"]
[Board "8.7"]
[WhiteElo "1660"]
[BlackElo "1222"]
[WhiteTeam "Württemberg"]
[BlackTeam "Mecklenburg-Vorpommern"]
[PlyCount "92"]
[WhiteFideId "12971243"]
[BlackFideId "12964646"]
[EventCountry "GER"]
[EventRounds "7"]
[EventType "team-swiss"]
[EventDate "2014.10.02"]

1. e4 e5 2. Nf3 Nc6 3. Bc4 Bc5 4. c3 Nf6 5. d4 exd4 6. cxd4 Bb4+ 7. Bd2 Bxd2+
8. Nbxd2 d5 9. exd5 Nxd5 10. O-O O-O 11. Ne4 Bg4 12. h3 Bxf3 13. Qxf3 Nxd4 14.
Qg3 b5 15. Rad1 Nf6 16. Bxb5 Nxe4 17. Qe5 c5 18. Qxe4 Qb6 19. Bd3 g6 20. b3 Qa5
21. Bb1 Rfe8 22. Qd5 Ne2+ 23. Kh1 Nc3 24. Qf3 Nxd1 25. Rxd1 Re1+ 26. Rxe1 Qxe1+
27. Kh2 Rd8 28. Bd3 Qe5+ 29. Kg1 Qd5 30. Qxd5 Rxd5 31. Bc4 Rd1+ 32. Kh2 Rd2 33.
a4 Rxf2 34. Kg3 Rf6 35. Kg4 Kg7 36. g3 h5+ 37. Kh4 Kh6 38. g4 g5+ 39. Kg3 h4+
40. Kg2 Rf4 41. Bd5 Kg7 42. Bc4 Kf6 43. Be2 Ke5 44. Bf3 Kd4 45. Kf2 Kc3 46. Ke3
Kxb3 0-1

[Event "Deutsche Ländermeisterschaft 2014"]
[Site "Hannover GER"]
[Date "2014.10.03"]
[Round "1"]
[White "Eulitz, Charlotte"]
[Black "Höglauer, Jenny"]
[Result "1-0"]
[Termination "normal"]
[Board "8.8"]
[WhiteElo "1469"]
[BlackElo "1026"]
[WhiteTeam "Mecklenburg-Vorpommern"]
[BlackTeam "Württemberg"]
[PlyCount "57"]
[WhiteFideId "12964654"]
[BlackFideId "12982598"]
[EventCountry "GER"]
[EventRounds "7"]
[EventType "team-swiss"]
[EventDate "2014.10.02"]

1. e4 c5 2. Nf3 a6 3. c3 e6 4. d4 d5 5. e5 Nc6 6. Be3 c4 7. Be2 b5 8. O-O Bb7
9. b3 a5 10. Nbd2 f6 11. Rb1 Qc7 12. Bf4 Nge7 13. Bg3 fxe5 14. Nxe5 Nxe5 15.
Bxe5 Qd7 16. Re1 Ng6 17. Bg4 Ra6 18. Nf3 Qf7 19. Ng5 Qg8 20. bxc4 dxc4 21. Rxb5
Bd5 22. Bg3 h6 23. Rxd5 hxg5 24. Rxg5 Qh7 25. Bxe6 Be7 26. Bxc4 Rc6 27. Qe2 Kd8
28. Rxa5 Rf6 29. Qg4 1-0

[Event "Deutsche Ländermeisterschaft 2014"]
[Site "Hannover GER"]
[Date "2014.10.03"]
[Round "1"]
[White "Eichstaedt, Mirko"]
[Black "Moritz, Aron"]
[Result "1-0"]
[Termination "normal"]
[Board "9.1"]
[WhiteElo "1994"]
[BlackElo "2177"]
[WhiteTeam "Brandenburg"]
[BlackTeam "Berlin"]
[PlyCount "83"]
[WhiteFideId "24692310"]
[BlackFideId "24672319"]
[EventCountry "GER"]
[EventRounds "7"]
[EventType "team-swiss"]
[EventDate "2014.10.02"]

1. d4 Nf6 2. c4 g6 3. Nc3 Bg7 4. Nf3 O-O 5. g3 d6 6. Bg2 Nbd7 7. O-O e5 8. e4
c6 9. h3 Qb6 10. b3 exd4 11. Na4 Qc7 12. Nxd4 Nc5 13. Nxc5 dxc5 14. Bf4 Qa5 15.
Ne2 Nh5 16. Bd2 Qc7 17. Bc3 f5 18. Bxg7 Nxg7 19. Kh2 fxe4 20. Bxe4 Qe5 21. Bg2
Bf5 22. Qe1 Rae8 23. Nf4 g5 24. Qxe5 Rxe5 25. g4 gxf4 26. gxf5 Nxf5 27. Rae1
Rfe8 28. Rxe5 Rxe5 29. Rd1 Nd4 30. Bf1 Kf7 31. h4 Kf6 32. Kh3 h5 33. b4 Ne6 34.
a3 Ke7 35. Kg2 Re4 36. Kf3 Re5 37. Bh3 cxb4 38. axb4 a5 39. bxa5 Kf6 40. Rd6
Rxa5 41. Rxe6+ Kf7 42. Kxf4 1-0

[Event "Deutsche Ländermeisterschaft 2014"]
[Site "Hannover GER"]
[Date "2014.10.03"]
[Round "1"]
[White "Sawlin, Leonid"]
[Black "Cech, Tim"]
[Result "1-0"]
[Termination "normal"]
[Board "9.2"]
[WhiteElo "2143"]
[BlackElo "1812"]
[WhiteTeam "Berlin"]
[BlackTeam "Brandenburg"]
[PlyCount "79"]
[WhiteFideId "4689542"]
[BlackFideId "1270258"]
[EventCountry "GER"]
[EventRounds "7"]
[EventType "team-swiss"]
[EventDate "2014.10.02"]

1. e4 e6 2. d4 d5 3. Nc3 Nf6 4. e5 Nfd7 5. f4 c5 6. Nf3 Nc6 7. Be3 cxd4 8. Nxd4
Bc5 9. Nce2 Qb6 10. Rb1 f6 11. exf6 Nxf6 12. b4 Bd6 13. a3 Qd8 14. g3 O-O 15.
Bg2 Ng4 16. Bc1 Kh8 17. h3 Nf6 18. Bb2 e5 19. Nxc6 bxc6 20. fxe5 Nh5 21. exd6
Qxd6 22. Qd3 a5 23. b5 Bf5 24. Qc3 Qe7 25. Bf3 Be4 26. Bxe4 Qxe4 27. Kd2 d4 28.
Qd3 Qg2 29. Rbg1 Qd5 30. bxc6 Qxc6 31. Rf1 Qg2 32. Rxf8+ Rxf8 33. Rg1 Qxh3 34.
Bxd4 Qg4 35. Rh1 h6 36. Rh4 Qg5+ 37. Qe3 Qg6 38. g4 Nf4 39. Nxf4 Qg5 40. Ng6+
1-0

[Event "Deutsche Ländermeisterschaft 2014"]
[Site "Hannover GER"]
[Date "2014.10.03"]
[Round "1"]
[White "Tiarks, Jann-Christian"]
[Black "Schmidek, Emil"]
[Result "0-1"]
[Termination "normal"]
[Board "9.3"]
[WhiteElo "1686"]
[BlackElo "2108"]
[WhiteTeam "Brandenburg"]
[BlackTeam "Berlin"]
[PlyCount "46"]
[WhiteFideId "12951595"]
[BlackFideId "12908150"]
[EventCountry "GER"]
[EventRounds "7"]
[EventType "team-swiss"]
[EventDate "2014.10.02"]

1. e4 e5 2. Bc4 Nf6 3. Nc3 Nc6 4. d3 Bb4 5. Nge2 Na5 6. Bb3 Nxb3 7. axb3 d5 8.
exd5 Nxd5 9. O-O O-O 10. Nxd5 Qxd5 11. Nc3 Qc6 12. Bd2 Be6 13. Re1 f6 14. Ra4
a5 15. Ne4 Bd5 16. Bxb4 axb4 17. Rxb4 f5 18. Nc3 Bxg2 19. Rc4 Qg6 20. Rg4 fxg4
21. Kxg2 Qh5 22. Ne4 Ra6 23. Re3 Rh6 0-1

[Event "Deutsche Ländermeisterschaft 2014"]
[Site "Hannover GER"]
[Date "2014.10.03"]
[Round "1"]
[White "Greßmann, Moritz"]
[Black "Wolff, Marie Antoinette"]
[Result "1/2-1/2"]
[Termination "normal"]
[Board "9.4"]
[WhiteElo "1977"]
[BlackElo "1714"]
[WhiteTeam "Berlin"]
[BlackTeam "Brandenburg"]
[PlyCount "120"]
[WhiteFideId "24695084"]
[BlackFideId "12908258"]
[EventCountry "GER"]
[EventRounds "7"]
[EventType "team-swiss"]
[EventDate "2014.10.02"]

1. e4 c5 2. Nf3 Nc6 3. Bb5 d6 4. Bxc6+ bxc6 5. O-O Nf6 6. Re1 Bg4 7. c3 g6 8.
h3 Bd7 9. e5 dxe5 10. Nxe5 Bg7 11. Qf3 Rc8 12. Nd3 c4 13. Ne5 O-O 14. Nxc4 Be6
15. Nba3 Bd5 16. Qe2 Re8 17. d4 c5 18. dxc5 Rxc5 19. Be3 Rc6 20. Rad1 Qa8 21.
Qf1 Re6 22. Bd4 Rxe1 23. Rxe1 Nh5 24. Bxg7 Kxg7 25. Ne3 Be6 26. Nb5 Qb7 27. b3
Nf4 28. Nd4 Bd7 29. Ng4 h5 30. Ne5 Bc8 31. f3 f6 32. Nec6 e5 33. Na5 Qd7 34.
Ne2 Ba6 35. c4 Nd3 36. Rd1 e4 37. fxe4 Rxe4 38. Qf3 Qe7 39. Qxd3 Rxe2 40. Qd7
Kh6 41. Qxe7 Rxe7 42. Rd6 Bc8 43. Rxf6 Re2 44. Rf2 Re1+ 45. Kh2 h4 46. Nc6 Bb7
47. Nxa7 Kh5 48. c5 Rc1 49. c6 Bxc6 50. Nxc6 Rxc6 51. Rb2 g5 52. b4 g4 53.
hxg4+ Kxg4 54. b5 Rb6 55. a4 h3 56. gxh3+ Kh4 57. a5 Rxb5 58. Rc2 Rxa5 59. Rc4+
Kh5 60. Kg3 Ra3+ 1/2-1/2

[Event "Deutsche Ländermeisterschaft 2014"]
[Site "Hannover GER"]
[Date "2014.10.03"]
[Round "1"]
[White "Sauer, Annika"]
[Black "Koch, Elisabeth"]
[Result "0-1"]
[Termination "normal"]
[Board "9.5"]
[WhiteElo "1624"]
[BlackElo "1683"]
[WhiteTeam "Brandenburg"]
[BlackTeam "Berlin"]
[PlyCount "90"]
[WhiteFideId "12952052"]
[BlackFideId "24695068"]
[EventCountry "GER"]
[EventRounds "7"]
[EventType "team-swiss"]
[EventDate "2014.10.02"]

1. d4 d5 2. Nf3 Nf6 3. e3 e6 4. Bd3 Be7 5. Nbd2 O-O 6. O-O b6 7. b3 c5 8. Bb2
Nc6 9. a3 Bb7 10. c4 Qd7 11. Qc2 cxd4 12. Nxd4 h6 13. cxd5 Nxd5 14. Nxc6 Bxc6
15. Be4 Rac8 16. Qd1 Rfd8 17. Qf3 f5 18. Bxd5 Bxd5 19. Qg3 Bd6 20. f4 Rc2 21.
Bc1 Qb5 22. Rb1 Bxa3 23. Bxa3 Rxd2 24. Rf2 Be4 25. Rbf1 Rxf2 26. Qxf2 Qxb3 27.
Be7 Rd7 28. Bh4 Rd1 29. Rxd1 Qxd1+ 30. Qe1 Qxe1+ 31. Bxe1 Kf7 32. Kf2 Ke7 33.
g3 a5 34. Ke2 Kd6 35. Kd2 Kc5 36. Kc3 b5 37. Kb3 b4 38. h3 Kb5 39. g4 a4+ 40.
Kb2 Kc4 41. Bd2 a3+ 42. Ka1 b3 43. Bc1 b2+ 44. Bxb2 axb2+ 45. Kxb2 Kd3 0-1

[Event "Deutsche Ländermeisterschaft 2014"]
[Site "Hannover GER"]
[Date "2014.10.03"]
[Round "1"]
[White "Greßmann, Hanna"]
[Black "Röhr, Tobias"]
[Result "1-0"]
[Termination "normal"]
[Board "9.6"]
[WhiteElo "1565"]
[BlackElo "1618"]
[WhiteTeam "Berlin"]
[BlackTeam "Brandenburg"]
[PlyCount "73"]
[WhiteFideId "12930709"]
[BlackFideId "12963089"]
[EventCountry "GER"]
[EventRounds "7"]
[EventType "team-swiss"]
[EventDate "2014.10.02"]

1. d4 Nf6 2. Nd2 d5 3. Ngf3 Bf5 4. e3 e6 5. c4 c6 6. Be2 Bd6 7. O-O g5 8. Qb3
g4 9. Nh4 Nh5 10. g3 Qc7 11. cxd5 cxd5 12. Nxf5 exf5 13. Qxd5 Ng7 14. Bd3 Nc6
15. Bxf5 h5 16. Bd3 O-O-O 17. Qc4 h4 18. Ne4 hxg3 19. fxg3 f5 20. Nxd6+ Qxd6
21. Bxf5+ Nxf5 22. Rxf5 Rh6 23. e4 Rh3 24. d5 Rxg3+ 25. hxg3 Qxg3+ 26. Kf1 Rh8
27. Rf2 Qh3+ 28. Ke2 g3 29. dxc6 Qg4+ 30. Rf3 Rh2+ 31. Ke3 g2 32. cxb7+ Kxb7
33. Rf7+ Kb6 34. Rf6+ Kb7 35. Qc6+ Kb8 36. Rf8+ Qc8 37. Rxc8# 1-0

[Event "Deutsche Ländermeisterschaft 2014"]
[Site "Hannover GER"]
[Date "2014.10.03"]
[Round "1"]
[White "Gericke, Nicholas"]
[Black "Dathe, Frederick"]
[Result "1-0"]
[Termination "normal"]
[Board "9.7"]
[WhiteElo "1606"]
[BlackElo "1654"]
[WhiteTeam "Brandenburg"]
[BlackTeam "Berlin"]
[PlyCount "35"]
[WhiteFideId "12952141"]
[BlackFideId "12963070"]
[EventCountry "GER"]
[EventRounds "7"]
[EventType "team-swiss"]
[EventDate "2014.10.02"]

1. e4 c5 2. c3 Nc6 3. d4 cxd4 4. cxd4 d5 5. exd5 Qxd5 6. Nf3 Bg4 7. Nc3 Qd6 8.
d5 Bxf3 9. Qxf3 Nb4 10. Bb5+ Kd8 11. O-O Nf6 12. Bf4 Qb6 13. Rac1 g6 14. Rfd1
Nh5 15. Qh3 f5 16. Be5 Bg7 17. Bxg7 Nxg7 18. d6 1-0

[Event "Deutsche Ländermeisterschaft 2014"]
[Site "Hannover GER"]
[Date "2014.10.03"]
[Round "1"]
[White "Schnabel, Luise"]
[Black "Pietsch, Katharina"]
[Result "1-0"]
[Termination "normal"]
[Board "9.8"]
[WhiteElo "1369"]
[BlackElo "981"]
[WhiteTeam "Berlin"]
[BlackTeam "Brandenburg"]
[PlyCount "81"]
[WhiteFideId "12943347"]
[BlackFideId "12997013"]
[EventCountry "GER"]
[EventRounds "7"]
[EventType "team-swiss"]
[EventDate "2014.10.02"]

1. e4 e5 2. Nf3 Nc6 3. Bc4 Bc5 4. O-O Nf6 5. d3 h6 6. c3 Bb6 7. Be3 d6 8. Bxb6
axb6 9. Nbd2 Be6 10. Bb3 Qd7 11. Re1 O-O 12. d4 exd4 13. cxd4 Bg4 14. h3 Bxh3
15. gxh3 Qxh3 16. Qe2 Ng4 17. Qf1 Qh5 18. Qg2 Kh8 19. Qh1 Qg6 20. Kf1 Qf6 21.
Qh3 Qf4 22. Qg3 Qf6 23. Qxg4 Nxd4 24. Nxd4 Qxd4 25. Rad1 Qd3+ 26. Qe2 Qh3+ 27.
Kg1 Rae8 28. Qf3 Qh4 29. Kg2 Re5 30. Rh1 Rg5+ 31. Kf1 Qg4 32. Qxg4 Rxg4 33. Rc1
Re8 34. Rxc7 Kh7 35. Rg1 Rf4 36. Rxf7 Rxf7 37. Bxf7 Re7 38. Bg6+ Kg8 39. f3 b5
40. Kf2 b6 41. Rc1 1-0